Asamiya Nepali Janajiban (Record no. 4946)

MARC details
000 -LEADER
fixed length control field 00430cam a2200169ua 4500
008 - FIXED-LENGTH DATA ELEMENTS--GENERAL INFORMATION
fixed length control field 131022n ii |||gr||||Z||||||asm
040 ## - CATALOGING SOURCE
Transcribing agency MAIN
082 ## - DEWEY DECIMAL CLASSIFICATION NUMBER
Classification number 305.8
100 1# - MAIN ENTRY--PERSONAL NAME
Personal name Nepal,Khemraj,
Relator term
245 11 - TITLE STATEMENT
Title Asamiya Nepali Janajiban
Statement of responsibility, etc. by Khemraj Nepal
260 ## - PUBLICATION, DISTRIBUTION, ETC.
Place of publication, distribution, etc. Sonitpur:
Name of publisher, distributor, etc. Basanta Smriti Samsthan,
Date of publication, distribution, etc. 2007.
300 ## - PHYSICAL DESCRIPTION
Extent 109p.
942 ## - ADDED ENTRY ELEMENTS (KOHA)
Koha item type Books
653 ## - INDEX TERM--UNCONTROLLED
Uncontrolled term Sociology
653 ## - INDEX TERM--UNCONTROLLED
Uncontrolled term Asamiya Nepali Janajiban
Holdings
Withdrawn status Lost status Damaged status Not for loan Home library Current library Shelving location Date acquired Total Checkouts Full call number Barcode Date last seen Date last checked out Copy number Price effective from Koha item type
        Naharkatiya College Central Library Naharkatiya College Central Library General Stacks 19/09/2020 1 305.8 | NEP 22088 14/08/2023 17/12/2022 1 19/09/2020 Books

Naharkatiya College © 2020. All rights reserved.

Powered By